LEADER 01392oam 2200373 450 001 9910716960403321 005 20211108115311.0 035 $a(CKB)5470000002526591 035 $a(OCoLC)1284804843 035 $a(EXLCZ)995470000002526591 100 $a20211108d1971 ua 0 101 0 $aeng 135 $aurbn||||||||| 181 $ctxt$2rdacontent 182 $cc$2rdamedia 183 $acr$2rdacarrier 200 10$aFlammable fabrics act--premarket testing $eHearings before the Subcommittee on Commerce and Finance of the Committee on Interstate and Foreign Commerce, House of Representatives, Ninety-second Congress, first session, on H.R. 5698 ... June 30 and July 6, 1971 210 1$aWashington :$cU.S. Government Printing Office,$d1971. 215 $a1 online resource (iii, 78 pages) 300 $aAccess ID (govinfo): CHRG-92hhrg66508O. 300 $a"Serial no. 92-36." 517 $aFlammable fabrics act--premarket testing 606 $aFlammable fabrics$xLaw and legislation$zUnited States 606 $aTextile fabrics$xTesting 608 $aLegislative hearings.$2lcgft 615 0$aFlammable fabrics$xLaw and legislation 615 0$aTextile fabrics$xTesting. 801 0$bGPO 801 1$bGPO 801 2$bGPO 906 $aBOOK 912 $a9910716960403321 996 $aFlammable fabrics act--premarket testing$93454187 997 $aUNINA